000
00311nam a22001337a 4500
008
180206b xxu||||| |||| 00| 0 eng d
020
_a
9789997619273
041
_a
eng
080
_2
7 ed
_a
616.4
100
_a
9
101
_a
gas
245
_a
gastrointestinal and liver disease
_c
mark.f
942
_2
udc
_c
BK
999
_c
41923
_d
41923